000 00390nam a22001577a 4500
003 MPLRDC
005 20220104123923.0
008 210129b ||||| |||| 00| 0 eng d
082 _a910.33 KLY
100 _a奥托. 卡洛伊
245 _a音乐入门
_c罗伟铭译
260 _a
_b天地图书有限公司
_c
300 _b
650 _a音乐教学法
942 _cBK
_o910.33 KLY
999 _c15241
_d15231